000 00725nam a2200241Ia 4500
003 OSt
005 20220923224918.0
006 a|||||r|||| 00| 0
007 ta
008 220922b |||||||| |||| 00| 0 hin d
024 _a253,542
037 _cTextual
040 _aARTS
_cARTS
_bhin
041 _2hin
_ahin
082 _aO152,2M89:g, M9
100 _aरमेश गौतम
245 0 _aप्रसाद के नाटक
_b युग साक्ष्य
246 _aPrasād ke nāṭaka: yug sākṣhya
260 _c1989
650 _aहिन्दी साहित्य
_9156264
942 _hO152,2M89:g, M9
_cTEXL
_2CC
999 _c374604
_d374604